Najlepsi Napastnicy Piłki nożnej 2000-2020 r - Statystyki

Ogólne statystyki
  • Ten quiz został rozwiązany 68 razy
  • Średni wynik to 14 z 19
Statystyki odpowiedzi
Pochodzenie Złote piłki Odpowiedz % Poprawnych
2 Portugalia 5 Cristiano Ronaldo
100%
3 Argentyna 8 Lionel Messi
100%
1 Polska 1 Robert Lewandowski
100%
6 Urugwaj 0 Luis Suárez
95%
5 Szwecja 0 Zlatan Ibrahimović
91%
11 Wybrzeże Kości Słoniowej 0 Didier Drogba
85%
12 Kamerun 0 Samuel Eto’o
82%
4 Francja 0 Thierry Henry
80%
9 Anglia 0 Wayne Rooney
78%
7 Francja 1 Karim Benzema
76%
8 Hiszpana 0 David Villa
75%
19 Chile 0 Alexis Sánchez
67%
16 Urugwaj 0 Edinson Cavani
65%
13 Hiszpania 0 Fernando Torres
64%
18 Ukraina 1 Andriy Shevchenko
60%
15 Argentyna 0 Gonzalo Higuaín
49%
14 Argentyna 0 Sergio Agüero
47%
20 Niemcy 0 Mario Gómez
36%
17 Hiszpania 0 Raúl González
15%
Nie znaleziono quizów pasujących do podanych kryteriów
Rozkład punktacji
Procent ludzi z każdym wynikiem
Percentyl według liczby udzielonych odpowiedzi
Twoja historia wyników
Nie rozwiązałeś tego quizu